000 00959nam a2200289Ia 4500
001 Para_8072
003 CHAP
008 220125s9999 xx 000 0 und d
010 _a206977
040 _cCHAP
082 _aPA-C 595.75 H4
100 _aDelong, D.M.
_9172066
245 _aThe genus chlorotettix a study of the internalmale genitalia. Including the description of a new species /
_c by D.M. Delong and Oscar L. Cartwright
300 _a13 p.
440 _aHemiptera; 13
_9173248
500 _aSobretiro de: Ann. Ent. Soc. Am. Encuadernado con otros impresos similares
650 _a
_x Hemípteros
_x colecciones de escritos
_9172883
700 _aCartwright, Oscar
_9173397
710 _aAnnals of the Entomological Society of America
_9173398
901 _aPA-C 595.75 H4
902 _aA
905 _a000000 0000000000 00
910 _a
942 _cPARA
942 _cPARA
_d1
999 _c206977
_d206977